000 00273 a2200109 4500
005 20260513164726.0
100 _aКітс Д.
_925231
245 _aПоезій
260 _bДніпро
_c1968
440 _aПерлини світової лірики
_925232
942 _cBK
999 _c580698
_d580698